Southville International School and Colleges
Your cart is empty.
  • Cart
  • Lists
    Public lists Eva Luna New books Lux_list list_1
    Your lists Log in to create your own lists
  • Log in to your account
  • Your cookies
  • Search history
Southville International School and Colleges
  • Advanced search
  • Recent comments
  • Most popular
  • Libraries

Log in to your account

Log in with GOOGLE


If you do not have an external account, but do have a local account, you can still log in:

  1. Home
  2. MARC view: The nature of Buddhist ethics /
Normal view MARC view ISBD view

The nature of Buddhist ethics / (Record no. 22247)

[ view plain ]
MARC details
000 -LEADER
fixed length control field 01058nam a2200193 a 4500
005 - DATE AND TIME OF LATEST TRANSACTION
control field 20140310183357.0
008 - FIXED-LENGTH DATA ELEMENTS--GENERAL INFORMATION
fixed length control field 121206s19uu xx 00 eng d
020 ## - INTERNATIONAL STANDARD BOOK NUMBER
International Standard Book Number 0312079052
050 ## - LIBRARY OF CONGRESS CALL NUMBER
Classification number BJ 1289
Item number .K44 2002
100 ## - MAIN ENTRY--PERSONAL NAME
Personal name Keown, Damien
245 ## - TITLE STATEMENT
Title The nature of Buddhist ethics /
Statement of responsibility, etc Damien Keown.
260 ## - PUBLICATION, DISTRIBUTION, ETC. (IMPRINT)
Place of publication, distribution, etc New York, NY :
Name of publisher, distributor, etc Palgrave,
Date of publication, distribution, etc 2002.
300 ## - PHYSICAL DESCRIPTION
Extent 269 p. :
Dimensions 23 cm.
500 ## - GENERAL NOTE
General note Revision of author's thesis (Ph. D.)--Oxford. Includes bibliographical references and index.
520 ## - SUMMARY, ETC.
Summary, etc In this book the author considers data from both early and later schools of Buddhism in an attempt to provide an overall characterisation of the structure of Buddhist ethics. The importance of ethics in the Buddha's teachings is widely acknowledged, but the pursuit of ethical ideals has up to now been widely held to be secondary to the attainment of knowledge. Drawing on the Aristotelian tradition of ethics Dr. Keown argues against this intellectualization of Buddhism.
650 ## - SUBJECT ADDED ENTRY--TOPICAL TERM
Topical term or geographic name as entry element Buddhist ethics
942 ## - ADDED ENTRY ELEMENTS (KOHA)
Koha item type Books
Source of classification or shelving scheme Library of Congress Classification
Call number prefix Foreign
Holdings
Withdrawn status Lost status Source of classification or shelving scheme Damaged status Home library Current library Shelving location Date acquired Total Checkouts Full call number Barcode Date last seen Date checked out Copy number Price effective from Koha item type
    Library of Congress Classification   College Library College Library General Circulation Section 12/06/2012 1 BJ 1289 .K44 2002 C16076 05/15/2018 01/23/2015 1 10/10/2013 Books

The nature of Buddhist ethics /

APA

Keown D., . (2002). The nature of Buddhist ethics. New York, NY: Palgrave.

Chicago

Keown Damien, . 2002. The nature of Buddhist ethics. New York, NY: Palgrave.

Harvard

Keown D., . (2002). The nature of Buddhist ethics. New York, NY: Palgrave.

MLA

Keown Damien, . The nature of Buddhist ethics. New York, NY: Palgrave. 2002.

  • Place hold
  • Print
  • Cite
  • Add to your cart (remove)
  • Save record
    BIBTEX Dublin Core MARCXML MARC (non-Unicode/MARC-8) MARC (Unicode/UTF-8) MARC (Unicode/UTF-8, Standard) MODS (XML) RIS
  • More searches
    Search for this title in:
    Other Libraries (WorldCat) Other Databases (Google Scholar) Online Stores (Bookfinder.com) Open Library (openlibrary.org)

Exporting to Dublin Core...

SOUTHVILLE LIBRARY

Southville International School and Colleges Library

1281 Tropical Ave. Cor. Luxembourg St., BF Homes International, Las Pinas City

Tel. No. 8256374 / 252358 Loc. 117/146

Powered by Koha